Bastiat, sa vie et ses oeuvres / (Record no. 161501)

MARC details
000 -LEADER
campo de control de longitud fija 00935nam a22002295i 4500
001 - NÚMERO DE CONTROL
campo de control 161501
003 - IDENTIFICADOR DE NÚMERO DE CONTROL
campo de control ES-MaACL
005 - FECHA Y HORA DE LA ÚLTIMA TRANSACCIÓN
campo de control 20241026174638.0
008 - DATOS DE LONGITUD FIJA--INFORMACIÓN GENERAL
campo de control de longitud fija 041022s1873 fr |||| | fre d
040 ## - FUENTE DE CATALOGACIÓN
Centro catalogador/agencia de origen CAM
Lengua de catalogación spa
Centro/agencia transcriptor CAM
100 1# - ENTRADA PRINCIPAL--NOMBRE DE PERSONA
Nombre de persona Passy, Frédéric.
9 (RLIN) 89461
245 10 - MENCIÓN DEL TÍTULO
Título Bastiat, sa vie et ses oeuvres /
Mención de responsabilidad, etc. conférence de Frédéric Passy.
260 ## - PUBLICACIÓN, DISTRIBUCIÓN, ETC.
Lugar de publicación, distribución, etc. Bordeaux :
Nombre del editor, distribuidor, etc. [s.n.],
Fecha de publicación, distribución, etc. 1873 (
Fabricante Imprimerie G. Gounouilhou)
300 ## - DESCRIPCIÓN FÍSICA
Extensión 55 p. ;
Dimensiones 22 cm.
490 1# - MENCIÓN DE SERIE
Mención de serie Documents publiés par l'Association du Libre-échange de Bordeaux. 2ª Série ;
Designación de volumen o secuencia 1
594 ## - Nota al título y mención de responsabilidad
Nota al título y mención de responsabilidad Titulo tomado de la primera página del texto.
600 14 - PUNTO DE ACCESO ADICIONAL DE MATERIA--NOMBRE DE PERSONA
Nombre de persona Bastiat, Frédéric (
Fechas asociadas al nombre 1801-1850)
9 (RLIN) 26365
830 0# - PUNTO DE ACCESO ADICIONAL DE SERIE-TÍTULO UNIFORME
Título uniforme Documents publiés par l'Association du Libre-échange de Bordeaux. 2ª Série ;
Designación de volumen o secuencia 1
9 (RLIN) 222121
852 ## - LOCALIZACIÓN
Ubicación ES-MaACL
Número de control de estantería T-1283-F-5
Nota libre -- Enc. hol. conservando la cub. original
-- -- Enc. en un vol. facticio
942 ## - ELEMENTOS DE ENTRADA SECUNDARIOS (KOHA)
Fuente del sistema de clasificación o colocación Clasificación decimal universal
Holdings
Estatus retirado Estado de pérdida Fuente del sistema de clasificación o colocación Estado de daño No para préstamo Colección Biblioteca de origen Biblioteca actual Ubicación en estantería Fecha de adquisición Total de préstamos Signatura topográfica completa Código de barras Visto por última vez Precio de reemplazo Tipo de ítem Koha
    Clasificación decimal universal     Colección de folletos Biblioteca del Ateneo de Madrid Biblioteca del Ateneo de Madrid Depósito folletos 17/01/2008   T-1283-F-5 1169168 23/02/2023 23/02/2023 Folleto